000 00760nam a2200229 a 4500
001 000036915
005 20200930080022.0
008 120206s2011 dr 001 e spa d
020 _a9789993446163
040 _aDO-SdBNP
_bspa
_cBNPHU
082 _a864.44
_bR934v
100 1 _aRuiz Bermejo, Miguel
_963313
245 1 0 _aVocabulario accidental /
_cMiguel Ruiz Bermejo ; prólogo José Enrique García.
260 _aSanto Domingo :
_bBúho,
_c2011.
300 _a205 p. :
_bil. ;
_c24 cm.
500 _aIncluye datos biográficos del autor en la solapa
650 4 _aEnsayos españoles
_93095
650 4 _aLiteratura española
_9632
700 1 _aGarcía, Luis Enrique,
_epról.
_963314
910 _aValidado. Control de la calidad eMS.
049 _aBNPD
999 _c36405
_d36405